000 004320000a22001810004500
003 MACL
005 20150910131420.0
008 150910b xxu||||| |||| 00| 0 eng d
040 _aMACL
_cMACL
041 _aEnglish
082 _a821/SIN
100 _aSingh, V. P.
_99848
245 _aEvery Time I Wake Up
260 _aNew Delhi
_bPenguin Books
_c2006
350 _a250
650 _aEnglish Poetry
_96237
942 _cBK
_k821
_2ddc
999 _c2202
_d2202